header

Dialogues for diversity : (Record no. 250482)

MARC details
000 -LEADER
fixed length control field 01566cam a2200337 a 4500
001 - CONTROL NUMBER
control field 4415844
003 - CONTROL NUMBER IDENTIFIER
control field OSt
005 - DATE AND TIME OF LATEST TRANSACTION
control field 20151013114743.0
008 - FIXED-LENGTH DATA ELEMENTS--GENERAL INFORMATION
fixed length control field 931025s1994 azu b 001 0 eng
010 ## - LIBRARY OF CONGRESS CONTROL NUMBER
LC control number 93031063
020 ## - INTERNATIONAL STANDARD BOOK NUMBER
International Standard Book Number 0897748670 (alk. paper)
040 ## - CATALOGING SOURCE
Original cataloging agency DLC
Transcribing agency DLC
Modifying agency DLC
043 ## - GEOGRAPHIC AREA CODE
Geographic area code n-us---
050 00 - LIBRARY OF CONGRESS CALL NUMBER
Classification number LC3727
Item number .D53 1994
082 00 - DEWEY DECIMAL CLASSIFICATION NUMBER
Classification number 378.1/9829/00973
Edition number 21
245 00 - TITLE STATEMENT
Title Dialogues for diversity :
Remainder of title community and ethnicity on campus /
Statement of responsibility, etc The Project on Campus Community and Diversity of the Accrediting Commission for Senior Colleges and Universities of the Western Association of Schools and Colleges, Martin Kramer and Stephen S. Weiner, co-directors.
260 ## - PUBLICATION, DISTRIBUTION, ETC. (IMPRINT)
Place of publication, distribution, etc Phoenix, Ariz. :
Name of publisher, distributor, etc Oryx Press,
Date of publication, distribution, etc 1994.
300 ## - PHYSICAL DESCRIPTION
Extent xix, 161 p. ;
Dimensions 28 cm.
440 #0 - SERIES STATEMENT/ADDED ENTRY--TITLE
Title American Council on Education series on higher education
504 ## - BIBLIOGRAPHY, ETC. NOTE
Bibliography, etc Includes bibliographical references and index.
650 #0 - SUBJECT ADDED ENTRY--TOPICAL TERM
Topical term or geographic name as entry element Minority college students
Geographic subdivision United States.
Topical term or geographic name as entry element Community and college
Geographic subdivision United States.
Topical term or geographic name as entry element Multicultural education
Geographic subdivision United States.
651 #0 - SUBJECT ADDED ENTRY--GEOGRAPHIC NAME
Geographic name United States
General subdivision Ethnic relations.
700 1# - ADDED ENTRY--PERSONAL NAME
Personal name Kramer, Martin,
Dates associated with a name 1932 December 11-
Personal name Weiner, Stephen
Fuller form of name (Stephen S.)
710 2# - ADDED ENTRY--CORPORATE NAME
Corporate name or jurisdiction name as entry element Western Association of Schools and Colleges (U.S.).
Subordinate unit Accrediting Commission for Senior Colleges and Universities.
906 ## - LOCAL DATA ELEMENT F, LDF (RLIN)
a 7
b cbc
c orignew
d 1
e ocip
f 19
g y-gencatlg
942 ## - ADDED ENTRY ELEMENTS (KOHA)
Source of classification or shelving scheme Library of Congress Classification
Koha item type Long Loan Books
Holdings
Withdrawn status Lost status Source of classification or shelving scheme Damaged status Not for loan Home library Current library Shelving location Date acquired Total Checkouts Full call number Barcode Date last seen Price effective from Koha item type
    Library of Congress Classification     Rongo University Library Rongo University Library General Stacks 13/10/2015   LC3727 .D53 1994 20154114 13/10/2015 13/10/2015 Long Loan Books

© 2026 Rongo University
Contact us: librarian | system librarian | Rongo university